000 00392nam a22001697a 4500
999 _c8147
_d8147
003 OSt
005 20230420160500.0
008 230420b ||||| |||| 00| 0 eng d
040 _aMUST
_cMUST
050 _a2023-0476
082 _a2023-0476
100 _aLano Kevin
_916642
245 _asoftware Design Using Java 2
300 _bviii,311p.
_c25cm.
504 _aIndex.
942 _2ddc
_cBOOK